000 00713pam a2200229 a 4500
001 4432328
005 20180127052445.0
008 940525s1995 paua 001 0 eng c
010 _a 94013093
020 _a0397512775 (alk. paper)
040 _aDNLM/DLC
_cDLC
_dDLC
041 _aeng
060 1 0 _aWL 17 J54a 1995
080 _a611.810
082 0 0 _a611.810 JEN
_220
100 1 _a6
101 _aANA
245 1 0 _aAtlas of the human brain /
_cLothar Jennes, Harold H. Traurig, P. Michael Conn.
906 _a7
_bcbc
_corignew
_d1
_eocip
_f19
_gy-gencatlg
942 _2ddc
_cBK
999 _c41086
_d41086